000 00561nam a2200145Ia 4500
008 100204s9999 xx 000 0 und d
082 _b26611
100 _aमाने लक्ष्मण
245 _aखेळ साडेतीन टक्क्यांचा
260 _b"ग्रंथाली ज्ञानयज्ञ , मुंबई"
_c2005
300 _a186
630 _aखेळ साडेतीन टक्क्यांचा
730 _aखेळ साडेतीन टक्क्यांचा
942 _cBOOK
999 _c471789
_d471786